000 02384nam a2200313Ia 4500
999 _c50702
_d50702
001 17653
003 GE_BSU
005 20200220165952.0
008 181216s2015ge xx |||||||||||||| ||geo||
020 _a978-9941-0-7362-5
040 _cGE_BSU
041 _ageo
080 _a726 ტ-28
245 _aტაო-კლარჯეთის ძეგლების 2014 წლის საკვლევი ექსპედიციების ანგარიშები /
_cმოამზადეს თეიმურაზ ხუციშვილმა (ხელმძღვ.) ; ლევან წიქარიშვილმა ; ანა გელაშვილმა ; [და სხვ.] ;
250 _aმეორე გადამუშავებული და შევსებული გამოცემა
264 _aთბილისი :
_bგრიფონი,
_c2015.
300 _a196 გვ.:
_bფოტ. + 1 დაკ. რუკა ;
_c29 სმ.
500 _aსაკვლევი ექსპედიციები ტარდება პროექტის "თურქეთში მდებარე ქართული ისტორიული მხარეების ტაო-კლარჯეთისა და კოლა-არტანის ქართული მატერიალური კულტურის ძეგლების კატალოგის" ფარგლებში"
504 _aბიბლიოგრ.: გვ. 193-195.
520 _aრეზ. რუს..
546 _aშესავალი ქართ., ინგლ. და თურქ. ენ.
653 _aქართული ეკლესიები თურქეთში ტაო-კლარჯეთის ეკლესიების არქიტექტურა
653 _aარქიტექტურა
700 _aხუციშვილი, თეიმურაზ
_eხელმძღვანელი
_95232
700 _aწიქარიშვილი, ლევან
_97292
700 _a გელაშვილი, ანა
_97293
710 _e შოთა რუსთაველის ეროვნ. სამეცნ. ფონდი, კავკასიის უნ-ტი
_97294
942 _cBK
_2udc